Из современной афганской поэзии: стихи; пер. с пушту и дари

Bibliographic Details
Other Authors: Герасимова А. (составитель), Яцевич Л. (автор предисловия), Верченко Ю. Юрий
Summary:В книгу включены стихи четырех крупнейших поэтов Демократической Республики Афганистан - Г. П. Улъфата, А. Бенава, С. Лаика и Б. Шафии, - представляющие разные поколения и разные направления современной афганской поэзии, для которой характерно органическое слияние современной гражданской темы с традиционной философичностью восточной поэзии.
Language:Russian
Published: Москва, Радуга, 1983
TOC:;
Subjects:
Format: Book
KOHA link:https://koha.lib.tpu.ru/cgi-bin/koha/opac-detail.pl?biblionumber=359742

MARC

LEADER 00000nam0a2200000 4500
001 359742
005 20231101042808.0
035 |a (RuTPU)RU\TPU\retro\17025 
090 |a 359742 
100 |a 20201211d1983 m y0rusy50 ca 
101 1 |a rus  |c pus 
102 |a RU 
105 |a y z 000gy 
200 1 |a Из современной афганской поэзии  |e стихи  |e пер. с пушту и дари  |f сост. А. Герасимова ; Л. Яцевич ; авт. предисл. Ю. Верченко 
210 |a Москва  |c Радуга  |d 1983 
215 |a 174 с. 
330 |a В книгу включены стихи четырех крупнейших поэтов Демократической Республики Афганистан - Г. П. Улъфата, А. Бенава, С. Лаика и Б. Шафии, - представляющие разные поколения и разные направления современной афганской поэзии, для которой характерно органическое слияние современной гражданской темы с традиционной философичностью восточной поэзии. 
464 |a Шафии, Барик 
610 1 |a художественная литература 
610 1 |a афганская литература 
610 1 |a поэзия 
675 |a 89  |v 4 
702 1 |a Герасимова  |b А.  |4 220 
702 1 |a Яцевич  |b Л.  |4 220 
702 1 |a Верченко  |b Ю.  |g Юрий  |4 080 
801 1 |a RU  |b 63413507  |c 20201211 
801 2 |a RU  |b 63413507  |c 20201211  |g RCR 
942 |c BK